000 00653nam a2200241 i 4500
001 C2-0121740
003 PPAK
005 20180727113313.0
008 970820s1986 enka|||| ||||| | eng d
020 _a0216918367
040 _aPPAK
_beng
_cPPAK
_erda
082 0 4 _a823
_223
090 0 0 _a823
_bOLD
_dK
100 1 _aOldfield, Pamela,
_eauthor
245 1 0 _aRoller-coaster
264 1 _aLondon :
_bBlackie and sons Limited ,
_c1986
300 _a111 pages :
_billustrations ;
_c20 cm
336 _2rdacontent
_atext
337 _2rdamedia
_aunmediated
338 _2rdacarrier
_avolume
650 1 0 _aChildren's stories, English
942 _ddc
_cB
999 _c34680
_d34680